| 000 | 01861nam a2200409 c 4500 | ||
|---|---|---|---|
| 003 | BLK | ||
| 005 | 20201006171106.0 | ||
| 008 | 180408b bul|||||r ||||||| ||bul|| | ||
| 010 | _aKNG00063366000 | ||
| 040 | _aBLK | ||
| 041 |
_aBUL _cBUL |
||
| 080 |
_aСлънчева система _b523 _x _z523 |
||
| 080 |
_aЗвезди и звездни системи. Вселена - Космически лъчи, междузвездно пространство, Галактика, Млечен път, космология, извънгалактически системи _b524 _x _z524 |
||
| 100 | 1 |
_aМафей, Паоло _eпърви автор _994363 |
|
| 700 | 1 |
_aОмайников, Захари _eпрев. от итал. _9369751 |
|
| 139 |
_aМафей, Паоло _bМ 40 |
||
| 245 | 1 | 0 |
_aВселената във времето _bНаучнопопул. четиво _cПаоло Мафей; прев. от итал. Захари Омайников. |
| 257 | _aITA | ||
| 260 |
_аСофия _bНаука и изкуство _c1989 _fСофия : Г. Димитров |
||
| 300 |
_a375 с. _bс табл., диагр., 12 л. : ил. _c20 см |
||
| 380 | _a5 | ||
| 500 | _aОриг. загл. L'universo nel tempo / Paolo Maffei. - Библиогр. с. 360-363 ; Именен, предм. указ. ; Указ. на лат. и гр. наименования и означения. | ||
| 504 | _a360-363 | ||
| 650 | 4 |
_aВселена _9151275 |
|
| 650 | 4 |
_aЗвезди _9155877 |
|
| 650 | 4 |
_aСлънчева система _9260504 |
|
| 650 | 4 |
_aПланети _9166460 |
|
| 653 | _aВселена | ||
| 653 | _aзвезди | ||
| 653 | _aСлънчева система | ||
| 653 | _aпланети | ||
| 852 | _aЦб 162024 | ||
| 856 | 4 |
_qpdf _u |
|
| 856 | 4 |
_qpdf _u |
|
| 942 |
_cKNG _n0 _01 |
||
| 944 |
_aCR _c13.06.2004 _lф / _kЛюдмила_Стоянова |
||
| 944 |
_aED _c14.05.2010 _lф / _k |
||
| 999 |
_c59278 _d59278 |
||